[Event "World School-ch U17 Girls"]
[Site "Antalya"]
[Date "2019.04.22"]
[Round "5"]
[White "Ulziikhishigjargal, Ochirkhuyag"]
[Black "Naran Erdene, Naranbaatar"]
[Result "1-0"]
[WhiteElo "1843"]
[BlackElo "1991"]
[PlyCount "79"]
[EventDate "2019.04.18"]
[EventType "swiss"]
[EventRounds "9"]
[EventCountry "TUR"]
[SourceTitle "CBM 190 Extra"]
[Source "ChessBase"]
[SourceDate "2019.07.15"]
[SourceVersion "1"]
[SourceVersionDate "2019.07.15"]
[SourceQuality "1"]

1. e4 c5 2. Nf3 d6 3. d4 cxd4 4. Nxd4 Nf6 5. Bd3 e5 6. Nf3 Be7 7. c4 0-0 8. 0-0 Na6 9. Nc3 Nc5 10. Bc2 Be6 11. Qe2 Rc8 12. Rd1 Bg4 13. h3 Bxf3 14. Qxf3 Ne6 15. b3 Nd4 16. Qd3 Nd7 17. Be3 Nc5 18. Qd2 Nce6 19. Rac1 Bg5 20. Nd5 Re8 21. f4 Bh6 22. f5 Bxe3+ 23. Qxe3 Nxc2 24. Rxc2 Nd4 25. f6 gxf6 26. Rf2 f5 27. exf5 f6 28. Qh6 Rf8 29. Rd3 Kh8 30. Nf4 exf4 31. Rxd4 Qe7 32. Rfxf4 Rc5 33. Rfe4 Re5 34. Rxe5 fxe5 35. Qxd6 Qxd6 36. Rxd6 Rxf5 37. Rd7 Kg8 38. Rxb7 Kf8 39. Rxh7 e4 40. Rh4 1-0

[Event "Wch U14 Girls"]
[Site "Porto Carras"]
[Date "2015.10.25"]
[Round "1"]
[White "Naran Erdene, Naranbaatar"]
[Black "Badelka, Olga"]
[Result "0-1"]
[WhiteElo "1686"]
[BlackElo "2145"]
[PlyCount "54"]
[EventDate "2015.10.25"]
[EventType "swiss"]
[EventRounds "11"]
[EventCountry "GRE"]
[SourceTitle "CBM 169 Extra"]
[Source "ChessBase"]
[SourceDate "2015.12.18"]
[SourceVersion "1"]
[SourceVersionDate "2015.12.18"]
[SourceQuality "1"]

1. e4 c5 2. Nf3 Nc6 3. d4 cxd4 4. Nxd4 Qb6 5. Nb3 Nf6 6. Nc3 e6 7. Bd3 Qc7 8. Be3 a6 9. 0-0 Be7 10. f4 d6 11. Qf3 0-0 12. Nd4 Bd7 13. Rae1 b5 14. Nxc6 Bxc6 15. Qh3 g6 16. f5 b4 17. Nd1 Nxe4 18. fxe6 f5 19. Bd4 Rae8 20. Bxa6 Bf6 21. Bxf6 Rxf6 22. Bd3 Rfxe6 23. Ne3 Qa7 24. Kh1 Nd2 25. Ng4 fxg4 26. Qg3 Nxf1 27. Rxf1 Qd4 0-1

[Event "World ol U16"]
[Site "Ulaanbaatar"]
[Date "2015.08.22"]
[Round "4.4"]
[White "Naran Erdene, Naranbaatar"]
[Black "Ip, Seng Tou"]
[Result "1/2-1/2"]
[WhiteElo "1765"]
[BlackElo "1515"]
[PlyCount "105"]
[EventDate "2015.08.20"]
[EventType "team-swiss"]
[EventRounds "9"]
[EventCountry "MGL"]
[SourceTitle "EXT 2016"]
[Source "ChessBase"]
[SourceDate "2015.10.08"]
[SourceVersion "1"]
[SourceVersionDate "2015.10.08"]
[SourceQuality "1"]
[WhiteTeam "Mongolia"]
[BlackTeam "Macau"]
[WhiteTeamCountry "MGL"]
[BlackTeamCountry "MAC"]

1. e4 e5 2. Nf3 Nc6 3. Bc4 Bc5 4. Nc3 Nf6 5. d3 h6 6. 0-0 d6 7. h3 0-0 8. Be3 Bb6 9. d4 Ba5 10. Bd3 exd4 11. Nxd4 Bxc3 12. bxc3 Re8 13. Nxc6 bxc6 14. Qf3 Bd7 15. Bd4 c5 16. Bxf6 Qxf6 17. Qxf6 gxf6 18. Rab1 Rab8 19. f3 Be6 20. c4 Kf8 21. Rb3 Rxb3 22. axb3 a5 23. f4 Ra8 24. Ra1 Bd7 25. Be2 Bc6 26. Bf3 a4 27. Ra3 Re8 28. bxa4 Bxe4 29. Bxe4 Rxe4 30. a5 Re8 31. a6 Ra8 32. a7 Ke7 33. Kf2 Ke6 34. g4 Kd7 35. Kg3 Ke8 36. Kh4 Kf8 37. g5 Kg7 38. Kg4 Kg6 39. f5+ Kg7 40. gxf6+ Kxf6 41. Kh5 Kxf5 42. Kxh6 Kf6 43. Kh7 Kg5 44. Kg7 f5 45. Kf7 f4 46. Ke6 f3 47. Rxf3 Rxa7 48. Rc3 Kf4 49. Kd5 Ra6 50. Rb3 Ra2 51. Rc3 Ra6 52. Rb3 Ra2 53. Rc3 1/2-1/2